000 00614cam a2200181 4500500
005 20260405003944.0
041 _afre
042 _adc
100 1 0 _aLarmagnac-Matheron, Octave
_eauthor
245 0 0 _aFaut-il désespérer ? Réponses d’André Comte-Sponville et de Marine Tondelier
260 _c2025.
500 _a32
690 _aAndré Comte-Sponville
690 _aDésespoir
690 _aPolitique
786 0 _nPhilosophie magazine | 193 | 10 | 2025-10-01 | p. 6-6 | 1951-1787
856 4 1 _uhttps://shs.cairn.info/magazine-philosophie-magazine-2025-10-page-6?lang=fr&redirect-ssocas=7080
999 _c2072406
_d2072406